• 首页
  • 本馆介绍
  • 公告通知
  • 最新文献
  • 馆藏检索
  • 电子资源
  • 读者导购
  • 参考咨询
  • 我的图书馆
  • 登录
  • 详细信息显示
  • 放入我的书架
  • 预约/预借图书
  • 作者相关作品
  • 分类相关作品
  • 丛书相关作品
  • 出版社相关作品

书目信息

  • 表格格式
  • 工作单格式
  • 卡片格式
题名:
物理学家用微分几何
    
 
作者: 侯伯元 , 侯伯宇 著
分册:  
出版信息: 北京   科学出版社  2004
页数: 776页
开本: 24cm
丛书名: 现代物理基础丛书
单 册:
中图分类: O186.1 , O411.1 , O186.1
科图分类:
主题词: 微分几何--数学物理方法 , 微分几何 , 数学物理方法 , 几何 , 拓扑
电子资源:
ISBN: 7-03-013432-X
000 01126nam0 2200361 450
000 01063nam0 2200325 450
000 00994nam0 2200301 450
000 00957nam0 2200289 45
005 20070529151232.56
010    @a7-03-013432-X@dCNY98.00
100    @a20070418d2004 em y0chiy0120 ea
101 0  @achi
102    @aCN@b110000
105    @ay z 000yy
200 1  @a物理学家用微分几何@AWu Li Xue Jia Yong Wei Fen Ji He@f侯伯元,侯伯宇著@FHou Bo Yuan, Hou Bo Yu Zhu
205    @a2版
210    @a北京@c科学出版社@d2004
215    @a776页@d24cm
225 2  @a现代物理基础丛书@v2
300    @a中国科学院科学出版基金资助出版
330    @a本书共23章,分为三部分,介绍了流形微分几何、纤维丛微分几何以及非交换几何及其在量子物理中的应用、量子群与q规范理论。
606 0  @a微分几何@x数学物理方法
606 0  @a微分几何
606 0  @a数学物理方法
606 0  @a几何
606 0  @a拓扑
690    @aO186.1@v4
690    @aO411.1@v4
690    @aO186.1@v3
701  0 @a侯伯元@AHou Bo Yuan@4著
701  0 @a侯伯宇@AHou Bo Yu@f(1930~)@4著
801  0 @aCN@bTAOJIN@c20070529
905    @a10447@dO186.1@e43=2
    
    物理学家用微分几何/侯伯元,侯伯宇著.-2版.-北京:科学出版社,2004
    776页;24cm.-(现代物理基础丛书;2)
    中国科学院科学出版基金资助出版
    
    ISBN 7-03-013432-X:CNY98.00
    本书共23章,分为三部分,介绍了流形微分几何、纤维丛微分几何以及非交换几何及其在量子物理中的应用、量子群与q规范理论。
●
相关链接 在E读中查询图书 在五车中查询图书 在当当中查询图书 在豆瓣中查询图书


正题名:物理学家用微分几何     索取号:O186.1/43=2         预约/预借

序号 登录号 条形码 馆藏地/架位号 状态 备注
1 0523034   205230347   第二样本阅览室/ [索取号:O186.1/43=2] 在馆    
2 0523035   205230356   第三借阅区/ [索取号:O186.1/43=2] 在馆    
唐山师范学院图书馆 欢迎您!
大连网信软件有限公司© 版权所有